| 000 | 00498nam a22001577a 4500 | ||
|---|---|---|---|
| 008 | 160208b xxu||||| |||| 00| 0 eng d | ||
| 020 | _a978-971-23-5990-3 | ||
| 082 |
_22011 _aDFil 808.51 _bG95e |
||
| 100 |
_92677 _aGupit, Fortunato. |
||
| 245 |
_aElements of public speaking/ _cFortunato Gupit. |
||
| 260 |
_aManila : _bRex Book Store, _cc2011. |
||
| 300 |
_axxxi, 313 pages; _c22 cm. |
||
| 500 | _aIncludes bibliographical references. | ||
| 650 | 0 |
_92676 _aPublic speaking. |
|
| 942 |
_2ddc _cDFIL |
||
| 999 |
_c1011 _d1011 |
||